[Event "12th EUR-ch"]
[Site "Aix-les-Bains FRA"]
[Date "2011.03.26"]
[Round "5.4"]
[White "Volokitin, Andrei"]
[Black "Guseinov, Gadir"]
[Result "1/2-1/2"]
[WhiteElo "2677"]
[BlackElo "2584"]
[EventDate "2011.03.22"]
[PlyCount "42"]

1.d4 Nf6 2.c4 g6 3.Nc3 Bg7 4.e4 d6 5.Be2 O-O 6.Nf3 c5 7.O-O cxd4 8.Nxd4 
Nc6 9.Be3 Nxd4 10.Bxd4 Bd7 11.Qd2 Bc6 12.f3 Nd7 13.Bf2 a5 14.Rab1 Nc5 15.
b3 e6 16.Bd1 f5 17.exf5 Rxf5 18.Bc2 Rh5 19.Rfe1 Bxf3 20.Bd1 Bxd1 21.Rbxd1 
Be5 1/2-1/2

[Event "12th EUR-ch"]
[Site "Aix-les-Bains FRA"]
[Date "2011.03.26"]
[Round "5.5"]
[White "Parligras, Mircea-Emilian"]
[Black "Grachev, Boris"]
[Result "1-0"]
[WhiteElo "2598"]
[BlackElo "2675"]
[EventDate "2011.03.22"]
[PlyCount "93"]

1.d4 d5 2.c4 c6 3.Nf3 Nf6 4.e3 Bf5 5.Nc3 e6 6.Nh4 Be4 7.f3 Bg6 8.Qb3 Qc7 
9.Bd2 Be7 10.Nxg6 hxg6 11.Rc1 dxc4 12.Bxc4 Nbd7 13.g3 a6 14.a4 O-O 15.O-O 
Rad8 16.Ne2 Qb8 17.Rfd1 e5 18.a5 c5 19.dxe5 Nxe5 20.e4 Nxc4 21.Qxc4 Nd7 
22.f4 Nf6 23.e5 Nd5 24.Nc3 Nxc3 25.Bxc3 b5 26.axb6 Qxb6 27.Ra1 Qb5 28.Qe4 
c4 29.Kg2 Bb4 30.e6 fxe6 31.Qxe6+ Kh7 32.Qh3+ Kg8 33.Qe6+ Kh8 34.Be5 c3 
35.Qxg6 Qb7+ 36.Kh3 cxb2 37.Bxb2 a5 38.f5 Rxd1 39.Rxd1 Qf7 40.Qg4 Be7 41.
Rd7 Re8 42.Ra7 Kh7 43.f6 gxf6 44.Rxa5 Qg7 45.Rh5+ Kg8 46.Qc4+ Kf8 47.Bc1 
1-0

[Event "12th EUR-ch"]
[Site "Aix-les-Bains FRA"]
[Date "2011.03.26"]
[Round "5.6"]
[White "Mastrovasilis, Dimitrios"]
[Black "Moiseenko, Alexander"]
[Result "1/2-1/2"]
[WhiteElo "2584"]
[BlackElo "2673"]
[EventDate "2011.03.22"]
[PlyCount "43"]

1.e4 c5 2.Nf3 Nc6 3.d4 cxd4 4.Nxd4 e5 5.Nb5 d6 6.c4 Be7 7.Bd3 Be6 8.N1c3 
a6 9.Na3 Bg5 10.O-O Bxc1 11.Rxc1 Nf6 12.Nc2 O-O 13.Qd2 Qb6 14.Rfd1 Rac8 
15.b3 Qa7 16.h3 h6 17.Qe1 Rfd8 18.Bf1 Ne7 19.Ne3 Nc6 20.Nc2 Ne7 21.Ne3 Nc6
22.Nc2 1/2-1/2

[Event "12th EUR-ch"]
[Site "Aix-les-Bains FRA"]
[Date "2011.03.26"]
[Round "5.7"]
[White "Nisipeanu, Liviu-Dieter"]
[Black "Kotronias, Vasilios"]
[Result "1-0"]
[WhiteElo "2673"]
[BlackElo "2583"]
[EventDate "2011.03.22"]
[PlyCount "81"]

1.e4 c5 2.Nf3 Nc6 3.d4 cxd4 4.Nxd4 Nf6 5.Nc3 e5 6.Ndb5 d6 7.Bg5 a6 8.Na3 
b5 9.Nd5 Be7 10.Bxf6 Bxf6 11.c4 b4 12.Nc2 a5 13.g3 Bg5 14.Bg2 O-O 15.O-O 
Ne7 16.Nxe7+ Qxe7 17.Qd3 Qc7 18.Rad1 Qc5 19.Kh1 Ra6 20.f4 exf4 21.gxf4 Bf6
22.b3 a4 23.a3 axb3 24.axb4 Qa7 25.Qxb3 Bg4 26.Rb1 Ra4 27.Qe3 Qa6 28.b5 
Qa5 29.e5 Bd8 30.Nd4 Bb6 31.Qg3 Bxd4 32.Qxg4 dxe5 33.fxe5 Bxe5 34.Rxf7 
Kxf7 35.Qf5+ Bf6 36.Bd5+ Ke7 37.Qe6+ Kd8 38.Qd6+ Ke8 39.Qe6+ Kd8 40.Qd6+ 
Ke8 41.b6 1-0

[Event "12th EUR-ch"]
[Site "Aix-les-Bains FRA"]
[Date "2011.03.26"]
[Round "5.9"]
[White "Wirig, Anthony"]
[Black "Korobov, Anton"]
[Result "1-0"]
[WhiteElo "2480"]
[BlackElo "2647"]
[EventDate "2011.03.22"]
[PlyCount "83"]

1.d4 d5 2.Nf3 Nf6 3.c4 c6 4.Nc3 e6 5.Qd3 dxc4 6.Qxc4 b5 7.Qd3 Nbd7 8.e4 b4
9.Na4 Bb7 10.Bg5 Qa5 11.b3 Nb6 12.Nb2 Be7 13.e5 Nfd5 14.Bxe7 Nxe7 15.Nc4 
Nxc4 16.Qxc4 c5 17.Qb5+ Qxb5 18.Bxb5+ Kf8 19.dxc5 Rc8 20.Rc1 Bxf3 21.gxf3 
Ng6 22.Ke2 Ke7 23.Rhd1 Rc7 24.Rd4 Rb8 25.Ba4 Nxe5 26.c6 Rd8 27.Rxd8 Kxd8 
28.Rc5 Ng6 29.Kd3 Nf4+ 30.Kc4 Nd5 31.Ra5 Kc8 32.Kc5 g5 33.Bb5 h6 34.Ba6+ 
Kd8 35.Bb7 Ne7 36.Ra6 Nd5 37.Rxa7 Ke7 38.a3 bxa3 39.b4 Nf6 40.Rxa3 Nd7+ 
41.Kb5 Nf6 42.Rd3 1-0

[Event "12th EUR-ch"]
[Site "Aix-les-Bains FRA"]
[Date "2011.03.26"]
[Round "5.10"]
[White "Iordachescu, Viorel"]
[Black "Vaisser, Anatoly"]
[Result "1/2-1/2"]
[WhiteElo "2626"]
[BlackElo "2522"]
[EventDate "2011.03.22"]
[PlyCount "124"]

1.e4 e6 2.d4 d5 3.Nc3 Nf6 4.Bg5 Bb4 5.e5 h6 6.Bd2 Bxc3 7.bxc3 Ne4 8.Qg4 
Kf8 9.Bc1 c5 10.Bd3 Qa5 11.Ne2 cxd4 12.O-O dxc3 13.Bxe4 dxe4 14.Qxe4 Nc6 
15.Rd1 g6 16.Qf3 Qxe5 17.Nxc3 Qf5 18.Qe3 e5 19.Ne4 Kg7 20.f4 Be6 21.Bb2 
Rhd8 22.Nd6 Qxc2 23.Rd2 Qa4 24.Rc1 f6 25.fxe5 f5 26.Nxb7 f4 27.Qc3 Rxd2 
28.Qxd2 Qb4 29.Qxb4 Nxb4 30.Rc7+ Kg8 31.Nc5 Re8 32.Rxa7 g5 33.a4 Bf5 34.e6
Bxe6 35.Rg7+ Kf8 36.Rb7 Nd5 37.Nxe6+ Rxe6 38.a5 g4 39.Kf2 Rc6 40.Ke1 Ne3 
41.Ke2 Nxg2 42.Rb6 f3+ 43.Kd2 Rc4 44.a6 Ra4 45.Rxh6 Ke7 46.a7 Ra2 47.Kc1 
Ne3 48.Kb1 Rxa7 49.Rh7+ Ke8 50.Rxa7 f2 51.Ra8+ Kf7 52.Ra7+ Ke6 53.Ra6+ Kd5
54.Rf6 f1=Q+ 55.Rxf1 Nxf1 56.Kc2 Nxh2 57.Kd3 g3 58.Ke3 Ke6 59.Bc3 Kf5 60.
Be1 g2 61.Kf2 Nf3 62.Kxg2 Nxe1+ 1/2-1/2

[Event "12th EUR-ch"]
[Site "Aix-les-Bains FRA"]
[Date "2011.03.26"]
[Round "5.11"]
[White "Bellaiche, Anthony"]
[Black "Navara, David"]
[Result "1/2-1/2"]
[WhiteElo "2472"]
[BlackElo "2722"]
[EventDate "2011.03.22"]
[PlyCount "95"]

1.e4 c5 2.Nf3 d6 3.d4 cxd4 4.Nxd4 Nf6 5.Nc3 a6 6.Be3 e5 7.Nb3 Be6 8.Qd2 
Nbd7 9.O-O-O Rc8 10.f4 b5 11.f5 Bc4 12.Kb1 Be7 13.Bxc4 bxc4 14.Nc1 Qc7 15.
g4 Qb7 16.Qg2 Rb8 17.b3 Qc6 18.N1e2 cxb3 19.cxb3 Rb4 20.g5 Nxe4 21.Ka1 Qb7
22.Nd5 Nec5 23.Nec3 Bd8 24.Rhg1 Ba5 25.Nxb4 Bxb4 26.Nd5 Ba3 27.Bd2 Nb6 28.
Ba5 Nxd5 29.Qxd5 Qxd5 30.Rxd5 Kd7 31.Rgd1 Ne4 32.Rxe5 Nf2 33.Rd4 Rc8 34.
Re1 Rc5 35.Ra4 Nd3 36.Rxa3 Nxe1 37.Bxe1 Rc1+ 38.Kb2 Rxe1 39.Rxa6 Re2+ 40.
Kc3 Rxh2 41.Ra7+ Kc6 42.Rxf7 Rxa2 43.Rxg7 Rf2 44.Rf7 Rg2 45.Rxh7 Rxg5 46.
f6 Rf5 47.f7 d5 48.Kd4 1/2-1/2

[Event "12th EUR-ch"]
[Site "Aix-les-Bains FRA"]
[Date "2011.03.26"]
[Round "5.13"]
[White "Azarov, Sergei"]
[Black "Vitiugov, Nikita"]
[Result "1/2-1/2"]
[WhiteElo "2615"]
[BlackElo "2720"]
[EventDate "2011.03.22"]
[PlyCount "84"]

1.e4 e6 2.d4 d5 3.Nd2 c5 4.exd5 Qxd5 5.Ngf3 cxd4 6.Bc4 Qd6 7.O-O Nf6 8.Nb3
Nc6 9.Nbxd4 Nxd4 10.Nxd4 a6 11.Re1 Qc7 12.Qe2 Bc5 13.Nf3 b5 14.Bd3 Bb7 15.
Ne5 O-O 16.Bf4 Nd5 17.Bg3 Nb4 18.Bxh7+ Kxh7 19.Ng6 fxg6 20.Bxc7 Rxf2 21.
Qxf2 Bxf2+ 22.Kxf2 Nxc2 23.Rac1 Nxe1 24.Rxe1 Bd5 25.a3 g5 26.Be5 Rc8 27.
Bc3 Kg6 28.Re2 Rc4 29.Kg3 Rf4 30.Re1 Kh5 31.h3 Kg6 32.Re5 Rc4 33.Re2 Rf4 
34.Re5 Rf1 35.Re1 Rf7 36.Re5 Rc7 37.Re2 Rd7 38.Re1 Bc4 39.Kf2 g4 40.hxg4 
Kg5 41.Kf3 Rd3+ 42.Re3 Rxe3+ 1/2-1/2

[Event "12th EUR-ch"]
[Site "Aix-les-Bains FRA"]
[Date "2011.03.26"]
[Round "5.14"]
[White "Wojtaszek, Radoslaw"]
[Black "Stevic, Hrvoje"]
[Result "1-0"]
[WhiteElo "2711"]
[BlackElo "2611"]
[EventDate "2011.03.22"]
[PlyCount "117"]

1.d4 d5 2.c4 dxc4 3.e4 e5 4.Nf3 exd4 5.Bxc4 Nc6 6.O-O Be6 7.Nbd2 Qf6 8.Bd3
Nge7 9.Qa4 Bd7 10.Qb3 O-O-O 11.Nc4 h6 12.e5 Qe6 13.Be4 Nf5 14.Bd5 Qe7 15.
Bd2 Be6 16.Bxc6 bxc6 17.Qd3 Nh4 18.Nxh4 Qxh4 19.Na5 Bd5 20.f3 Re8 21.Rac1 
Re6 22.Qa6+ Kd7 23.Qxa7 Rxe5 24.Nc4 Bxc4 25.Rxc4 c5 26.g3 Qf6 27.Bf4 Bd6 
28.Qa4+ Ke7 29.Bxe5 Qxe5 30.Qd1 Kf6 31.Re1 Qd5 32.b3 g6 33.Qd3 Kg7 34.Qe4 
Qg5 35.Kg2 h5 36.f4 Qf6 37.h4 Rb8 38.Rc2 Rb4 39.Qd5 Rb6 40.Re8 c6 41.Qg5 
Qxg5 42.hxg5 Rb7 43.Rc8 Rd7 44.Rxc6 h4 45.Rd2 hxg3 46.Kxg3 f6 47.Kf3 fxg5 
48.fxg5 Be7 49.Rd3 Rd5 50.Ke4 Rxg5 51.a4 Rg1 52.a5 Ra1 53.a6 Bh4 54.Kd5 g5
55.Kxc5 Bf2 56.Kb6 g4 57.Rc2 g3 58.Rxg3+ Bxg3 59.Rg2 1-0

[Event "12th EUR-ch"]
[Site "Aix-les-Bains FRA"]
[Date "2011.03.26"]
[Round "5.15"]
[White "Vallejo Pons, Francisco"]
[Black "Papaioannou, Ioannis"]
[Result "1-0"]
[WhiteElo "2707"]
[BlackElo "2605"]
[EventDate "2011.03.22"]
[PlyCount "55"]

1.e4 c5 2.Nf3 d6 3.d4 cxd4 4.Nxd4 Nf6 5.Nc3 a6 6.Bg5 Nbd7 7.Qe2 Qa5 8.h4 
h6 9.Bd2 Qb6 10.Nb3 e6 11.g4 Ne5 12.f4 Nexg4 13.e5 dxe5 14.fxe5 Qc7 15.
exf6 Qg3+ 16.Kd1 Nf2+ 17.Kc1 Nxh1 18.Ne4 Qxh4 19.Qc4 g5 20.Nbc5 Ng3 21.
Qa4+ b5 22.Bxb5+ axb5 23.Qxb5+ Kd8 24.Ba5+ Rxa5 25.Qxa5+ Ke8 26.Qb5+ Kd8 
27.Qb6+ Ke8 28.Nd6+ 1-0

[Event "12th EUR-ch"]
[Site "Aix-les-Bains FRA"]
[Date "2011.03.26"]
[Round "5.16"]
[White "Naiditsch, Arkadij"]
[Black "Pantsulaia, Levan"]
[Result "1/2-1/2"]
[WhiteElo "2684"]
[BlackElo "2595"]
[EventDate "2011.03.22"]
[PlyCount "64"]

1.e4 c6 2.d4 d5 3.exd5 cxd5 4.c4 Nf6 5.Nc3 Nc6 6.Bg5 dxc4 7.Bxc4 h6 8.Be3 
e6 9.Nf3 Bd6 10.O-O O-O 11.Rc1 b6 12.Bd3 Bb7 13.Bb1 Rc8 14.a3 Ne7 15.Ne5 
Nf5 16.Qe2 Re8 17.Rfd1 Nd5 18.Ne4 Rxc1 19.Rxc1 Bxe5 20.dxe5 Ndxe3 21.fxe3 
Qd5 22.Rc7 Re7 23.Rxe7 Nxe7 24.Nd6 Bc6 25.Qf1 Nf5 26.Bxf5 exf5 27.Nxf5 
Qxe5 28.Qf4 Qxb2 29.Ne7+ Kf8 30.Ng6+ Kg8 31.Ne7+ Kf8 32.Ng6+ Kg8 1/2-1/2

[Event "12th EUR-ch"]
[Site "Aix-les-Bains FRA"]
[Date "2011.03.26"]
[Round "5.17"]
[White "Zhigalko, Sergei"]
[Black "Balogh, Csaba"]
[Result "1-0"]
[WhiteElo "2680"]
[BlackElo "2601"]
[EventDate "2011.03.22"]
[PlyCount "87"]

1.e4 e5 2.Nf3 Nc6 3.d4 exd4 4.Nxd4 Nf6 5.Nxc6 bxc6 6.e5 Qe7 7.Qe2 Nd5 8.c4
Nb6 9.Nd2 a5 10.b3 a4 11.Bb2 axb3 12.axb3 Rxa1+ 13.Bxa1 Qa3 14.Qd1 Bb4 15.
Bd3 Qa5 16.Ke2 O-O 17.Qc2 d6 18.Bd4 Bxd2 19.Qxd2 Qa3 20.Qb2 Qxb2+ 21.Bxb2 
dxe5 22.Ra1 Bd7 23.Ra7 Rc8 24.Bc3 g6 25.Kd2 f6 26.f4 Kf7 27.fxe5 f5 28.Bd4
Ke6 29.Be2 Be8 30.Bf3 c5 31.Bxc5 Nd7 32.Bb7 Rb8 33.Bd4 Nxe5 34.Bd5+ Kd6 
35.Bxe5+ Kxe5 36.Rxc7 Kd6 37.Rb7 Rxb7 38.Bxb7 f4 39.b4 g5 40.Bf3 Kc7 41.
Kd3 Kb6 42.Kd4 Bf7 43.Be2 h6 44.c5+ 1-0

[Event "12th EUR-ch"]
[Site "Aix-les-Bains FRA"]
[Date "2011.03.26"]
[Round "5.18"]
[White "Hammer, Jon Ludvig"]
[Black "Riazantsev, Alexander"]
[Result "1-0"]
[WhiteElo "2606"]
[BlackElo "2679"]
[EventDate "2011.03.22"]
[PlyCount "113"]

1.Nf3 Nf6 2.c4 e6 3.Nc3 Bb4 4.Qc2 c5 5.a3 Ba5 6.g3 Nc6 7.Bg2 d6 8.O-O O-O 
9.e3 e5 10.h3 h6 11.b3 Be6 12.Bb2 Rc8 13.Rad1 Qd7 14.Kh2 Bxc3 15.Qxc3 b5 
16.d4 cxd4 17.exd4 bxc4 18.Nxe5 Nxe5 19.dxe5 cxb3 20.Qe3 Nh7 21.f4 Rc2 22.
Rf2 Rfc8 23.Rxd6 Qb5 24.Qxa7 Nf8 25.Rdd2 h5 26.Qd4 g6 27.Bf1 Qa5 28.Kg1 
Kh7 29.g4 Rxd2 30.Rxd2 hxg4 31.hxg4 Rc2 32.Rxc2 bxc2 33.f5 Qe1 34.Qf2 c1=Q
35.Bxc1 Qxc1 36.fxe6 Nxe6 37.Qxf7+ Kh6 38.Qxe6 Qe3+ 39.Kg2 Qe4+ 40.Kf2 
Qd4+ 41.Kf3 Qc3+ 42.Ke4 Qe1+ 43.Kd5 Qxf1 44.Qf6 Qd1+ 45.Ke6 Qxg4+ 46.Kf7 
Qd7+ 47.Qe7 Qd4 48.e6 Qg7+ 49.Ke8 Qe5 50.a4 g5 51.a5 Qxa5 52.Kf7 Kh5 53.
Qf6 Qd5 54.Kg7 Qe4 55.e7 Kh4 56.Qf7 Qe5+ 57.Kg8 1-0

[Event "12th EUR-ch"]
[Site "Aix-les-Bains FRA"]
[Date "2011.03.26"]
[Round "5.19"]
[White "Halkias, Stelios"]
[Black "Motylev, Alexander"]
[Result "1/2-1/2"]
[WhiteElo "2579"]
[BlackElo "2677"]
[EventDate "2011.03.22"]
[PlyCount "25"]

1.d4 d5 2.c4 c6 3.Nf3 Nf6 4.Nc3 e6 5.g3 dxc4 6.Bg2 Nbd7 7.O-O Be7 8.a4 O-O
9.e4 b6 10.Qe2 Ba6 11.Bf4 Re8 12.Rfd1 Rc8 13.Qc2 1/2-1/2

[Event "12th EUR-ch"]
[Site "Aix-les-Bains FRA"]
[Date "2011.03.26"]
[Round "5.20"]
[White "Nikolic, Predrag"]
[Black "Sargissian, Gabriel"]
[Result "1/2-1/2"]
[WhiteElo "2596"]
[BlackElo "2676"]
[EventDate "2011.03.22"]
[PlyCount "23"]

1.d4 Nf6 2.c4 e6 3.Nf3 d5 4.Nc3 c6 5.e3 Nbd7 6.Be2 Bd6 7.O-O O-O 8.b3 b6 
9.Bb2 Bb7 10.Qc2 Qe7 11.Rfe1 Rfe8 12.Bf1 1/2-1/2

[Event "12th EUR-ch"]
[Site "Aix-les-Bains FRA"]
[Date "2011.03.26"]
[Round "5.21"]
[White "Melkumyan, Hrant"]
[Black "Nielsen, Peter Heine"]
[Result "1/2-1/2"]
[WhiteElo "2593"]
[BlackElo "2670"]
[EventDate "2011.03.22"]
[PlyCount "32"]

1.d4 Nf6 2.c4 e6 3.g3 d5 4.Nf3 dxc4 5.Bg2 Bb4+ 6.Bd2 a5 7.Qc2 Bxd2+ 8.Qxd2
c6 9.a4 Ne4 10.Qc2 Nd6 11.Ne5 Na6 12.e3 Nb4 13.Qc3 O-O 14.O-O Qc7 15.Na3 
b6 16.Naxc4 Nxc4 1/2-1/2

[Event "12th EUR-ch"]
[Site "Aix-les-Bains FRA"]
[Date "2011.03.26"]
[Round "5.22"]
[White "Mamedov, Rauf"]
[Black "Jones, Gawain"]
[Result "1/2-1/2"]
[WhiteElo "2667"]
[BlackElo "2578"]
[EventDate "2011.03.22"]
[PlyCount "110"]

1.e4 c5 2.Nf3 d6 3.c3 Nf6 4.Be2 Nbd7 5.Qc2 Qc7 6.O-O b6 7.Re1 Bb7 8.Bf1 g6
9.d3 Bg7 10.Bf4 O-O 11.c4 Nh5 12.Bg5 e6 13.Nc3 a6 14.Qd2 f6 15.Bh6 Ne5 16.
Be2 Nxf3+ 17.Bxf3 Bxh6 18.Qxh6 Ng7 19.Rab1 e5 20.b4 Ne6 21.bxc5 bxc5 22.
Bg4 Nd4 23.Ne2 Bc8 24.Bxc8 Nxe2+ 25.Rxe2 Raxc8 26.Reb2 Rb8 27.Qd2 Kg7 28.
h3 Kf7 29.Qc3 Ke6 30.Rb3 Rxb3 31.Qxb3 Qc6 32.Qa3 Rf7 33.Qb3 Re7 34.h4 f5 
35.f3 h5 36.a3 a5 37.Qb8 Qe8 38.Qb6 Qa8 39.a4 Ra7 40.Qb2 f4 41.Qb6 Ra6 42.
Qb5 Qc6 43.Kf2 Kf6 44.Ke2 Qc8 45.Kf2 Ra7 46.Qb6 Ra6 47.Qb3 Qc6 48.Qd1 Qc7 
49.Rb5 Ra7 50.Qb1 Qe7 51.Ke2 Kg7 52.Qh1 Qd7 53.Qh2 Qe6 54.Qh1 Qd7 55.Qe1 
Qd8 1/2-1/2

[Event "12th EUR-ch"]
[Site "Aix-les-Bains FRA"]
[Date "2011.03.26"]
[Round "5.23"]
[White "Cheparinov, Ivan"]
[Black "Ter-Sahakyan, Samvel"]
[Result "1-0"]
[WhiteElo "2664"]
[BlackElo "2575"]
[EventDate "2011.03.22"]
[PlyCount "55"]

1.d4 d5 2.c4 c6 3.Nc3 Nf6 4.Nf3 e6 5.Bg5 h6 6.Bh4 dxc4 7.e4 g5 8.Bg3 b5 9.
Be2 Bb7 10.O-O Nbd7 11.Ne5 Bg7 12.Nxd7 Nxd7 13.Bd6 a6 14.a4 b4 15.d5 bxc3 
16.dxe6 Ne5 17.Bh5 cxb2 18.Rb1 Bc8 19.exf7+ Nxf7 20.e5 Bf8 21.Qf3 Ra7 22.
Qxc6+ Qd7 23.Qxc4 Qe6 24.Qc6+ Qd7 25.Qc3 Bxd6 26.e6 Qxe6 27.Qxh8+ Kd7 28.
Qd4 1-0

[Event "12th EUR-ch"]
[Site "Aix-les-Bains FRA"]
[Date "2011.03.26"]
[Round "5.24"]
[White "Shengelia, David"]
[Black "Khismatullin, Denis"]
[Result "0-1"]
[WhiteElo "2573"]
[BlackElo "2662"]
[EventDate "2011.03.22"]
[PlyCount "90"]

1.d4 Nf6 2.c4 e6 3.Nf3 c5 4.d5 exd5 5.cxd5 Bd6 6.Nc3 Bc7 7.e4 d6 8.Bd3 O-O
9.O-O a6 10.h3 Re8 11.Bg5 Nbd7 12.Ne2 h6 13.Bh4 Nf8 14.Nf4 N8h7 15.Nh5 g5 
16.Nxf6+ Qxf6 17.Bg3 Nf8 18.Nh2 Ng6 19.Qh5 Kg7 20.Ng4 Bxg4 21.Qxg4 Re7 22.
Kh1 Nf4 23.Bxf4 Qxf4 24.Qe2 c4 25.Bc2 b5 26.b3 cxb3 27.axb3 Bb6 28.g3 Qf6 
29.f4 gxf4 30.gxf4 Qh4 31.Rf3 Kh8 32.e5 Rg8 33.Qd3 f5 34.e6 Qf6 35.Rd1 
Reg7 36.Qxf5 Qd4 37.Rg3 Qf2 38.Qf6 Qxc2 39.Qxh6+ Qh7 40.Qxh7+ Kxh7 41.
Rxg7+ Kxg7 42.b4 Kf6 43.Rc1 Be3 44.Rc6 Bxf4 45.Rxa6 Ke5 0-1

[Event "12th EUR-ch"]
[Site "Aix-les-Bains FRA"]
[Date "2011.03.26"]
[Round "5.25"]
[White "Papin, Vasily"]
[Black "Smeets, Jan"]
[Result "1-0"]
[WhiteElo "2569"]
[BlackElo "2660"]
[EventDate "2011.03.22"]
[PlyCount "129"]

1.d4 d5 2.c4 c6 3.Nf3 Nf6 4.Qc2 dxc4 5.Qxc4 Bf5 6.g3 e6 7.Bg2 Nbd7 8.O-O 
Be7 9.e3 O-O 10.Rd1 Rc8 11.Qe2 Bg6 12.Nc3 b5 13.a3 a5 14.Ne5 Nxe5 15.dxe5 
Nd7 16.e4 Qc7 17.f4 Nc5 18.Be3 Nb3 19.Rab1 h6 20.a4 b4 21.Qc4 bxc3 22.bxc3
Bh5 23.Re1 Bc5 24.Bxc5 Nd2 25.Qa6 Nxb1 26.Bxf8 Rxf8 27.Rxb1 Rb8 28.Rxb8+ 
Qxb8 29.h3 Qb1+ 30.Kh2 Bd1 31.Qxa5 Qc2 32.Kg1 Qd2 33.Qc5 Bxa4 34.f5 Bb5 
35.Qe7 Qe1+ 36.Kh2 Bf1 37.fxe6 Bxg2 38.Qxf7+ Kh7 39.Qf5+ g6 40.Qf7+ Kh8 
41.Kxg2 Qxe4+ 42.Qf3 Qxe5 43.Qf8+ Kh7 44.Qf7+ Kh8 45.Qe8+ Kg7 46.Qd7+ Kh8 
47.Qc8+ Kg7 48.Qb7+ Kh8 49.Qc8+ Kg7 50.Qd7+ Kh8 51.Qe8+ Kg7 52.Qf7+ Kh8 
53.Kf2 Qe4 54.Qf6+ Kg8 55.e7 Qc2+ 56.Ke3 Qc1+ 57.Kd4 Qd2+ 58.Kc5 Qd5+ 59.
Kb6 Qb5+ 60.Kc7 Qa5+ 61.Kd7 Qa7+ 62.Ke6 Qa2+ 63.c4 Qxc4+ 64.Kd7 Qd3+ 65.
Qd6 1-0

[Event "12th EUR-ch"]
[Site "Aix-les-Bains FRA"]
[Date "2011.03.26"]
[Round "5.26"]
[White "Smirin, Ilia"]
[Black "Vocaturo, Daniele"]
[Result "1/2-1/2"]
[WhiteElo "2658"]
[BlackElo "2564"]
[EventDate "2011.03.22"]
[PlyCount "60"]

1.e4 e5 2.Nf3 Nc6 3.Bb5 a6 4.Ba4 Nf6 5.O-O Nxe4 6.d4 b5 7.Bb3 d5 8.dxe5 
Be6 9.Nbd2 Be7 10.c3 Nc5 11.Bc2 Bg4 12.Re1 O-O 13.Nf1 Re8 14.h3 Bxf3 15.
Qxf3 Bf6 16.Bf4 Nxe5 17.Bxe5 Bxe5 18.Bxh7+ Kxh7 19.Qh5+ Kg8 20.Rxe5 c6 21.
Ng3 Rxe5 22.Qxe5 Qd7 23.Nf5 f6 24.Qe7 Qxf5 25.Qxc5 Qe6 26.a4 bxa4 27.Rxa4 
Rb8 28.b4 Rb5 29.Qd4 c5 30.bxc5 Qc6 1/2-1/2

[Event "12th EUR-ch"]
[Site "Aix-les-Bains FRA"]
[Date "2011.03.26"]
[Round "5.27"]
[White "Kozul, Zdenko"]
[Black "Feller, Sebastien"]
[Result "0-1"]
[WhiteElo "2568"]
[BlackElo "2657"]
[EventDate "2011.03.22"]
[PlyCount "94"]

1.d4 Nf6 2.c4 e6 3.Nf3 d5 4.Nc3 dxc4 5.e4 Bb4 6.Bg5 h6 7.Bxf6 Qxf6 8.Bxc4 
c5 9.O-O cxd4 10.e5 Qe7 11.Ne4 O-O 12.Qxd4 Rd8 13.Qe3 Qc7 14.Rac1 Nc6 15.
Qf4 Bd7 16.g4 Be7 17.g5 hxg5 18.Nexg5 Bxg5 19.Nxg5 Be8 20.Qh4 Qxe5 21.Rfe1
Qf5 22.Rxe6 Ne5 23.Rxe5 Qxe5 24.Qh7+ Kf8 25.Qh5 Ke7 26.Bxf7 Rac8 27.Rf1 
Rc5 28.h4 Bc6 29.Bb3 Rf8 30.Qg4 Rf4 31.Qg3 Rb4 32.f4 Qd4+ 33.Qf2 Qxf2+ 34.
Rxf2 Rc1+ 35.Kh2 Rh1+ 36.Kg3 Rg1+ 37.Kh2 Rh1+ 38.Kg3 Rg1+ 39.Kh2 Re1 40.
Kg3 a5 41.Kg4 g6 42.Nf3 Re3 43.Bd1 Ree4 44.Kg5 Rxf4 45.Kxg6 Be4+ 46.Kh6 
Rf6+ 47.Kg5 Rf5+ 0-1

[Event "12th EUR-ch"]
[Site "Aix-les-Bains FRA"]
[Date "2011.03.26"]
[Round "5.28"]
[White "Nyback, Tomi"]
[Black "Kovchan, Alexander"]
[Result "0-1"]
[WhiteElo "2656"]
[BlackElo "2563"]
[EventDate "2011.03.22"]
[PlyCount "84"]

1.d4 Nf6 2.c4 g6 3.Nc3 d5 4.cxd5 Nxd5 5.e4 Nxc3 6.bxc3 Bg7 7.Bg5 c5 8.Rc1 
O-O 9.Nf3 Bg4 10.d5 Qd6 11.Be2 Nd7 12.O-O Bxf3 13.Bxf3 b5 14.Be2 c4 15.f4 
f6 16.Bh4 Nc5 17.Qd4 e5 18.dxe6 Qxd4+ 19.cxd4 Nxe6 20.Rxc4 f5 21.e5 bxc4 
22.Bxc4 Rfe8 23.d5 g5 24.fxg5 Nc5 25.d6+ Kh8 26.e6 Rad8 27.Rd1 Rxe6 28.
Bxe6 Nxe6 29.Bf2 Rd7 30.h4 Kg8 31.Rd5 f4 32.Kf1 Bf8 33.Ra5 Rxd6 34.Rxa7 
Rd2 35.Ra8 Kf7 36.a4 Bc5 37.Bxc5 Nxc5 38.a5 Ne4 39.a6 Ng3+ 40.Ke1 Rxg2 41.
Rd8 f3 42.Rd2 Ne4 0-1

[Event "12th EUR-ch"]
[Site "Aix-les-Bains FRA"]
[Date "2011.03.26"]
[Round "5.29"]
[White "Popov, Valerij"]
[Black "Gharamian, Tigran"]
[Result "1/2-1/2"]
[WhiteElo "2565"]
[BlackElo "2650"]
[EventDate "2011.03.22"]
[PlyCount "23"]

1.c4 Nf6 2.g3 e6 3.Bg2 d5 4.Nf3 Be7 5.O-O O-O 6.b3 c5 7.e3 Nc6 8.Bb2 b6 9.
d4 Ba6 10.Ne5 Rc8 11.Nxc6 Rxc6 12.Na3 1/2-1/2

[Event "12th EUR-ch"]
[Site "Aix-les-Bains FRA"]
[Date "2011.03.26"]
[Round "5.30"]
[White "Gustafsson, Jan"]
[Black "Maze, Sebastien"]
[Result "1/2-1/2"]
[WhiteElo "2647"]
[BlackElo "2559"]
[EventDate "2011.03.22"]
[PlyCount "93"]

1.Nf3 Nf6 2.c4 g6 3.Nc3 Bg7 4.e4 d6 5.d4 O-O 6.Be2 e5 7.Be3 exd4 8.Nxd4 
Re8 9.f3 c6 10.O-O d5 11.cxd5 Nxd5 12.Nxd5 cxd5 13.Rc1 Nc6 14.Nxc6 bxc6 
15.Rxc6 Bb7 16.Rc1 dxe4 17.Qxd8 Raxd8 18.f4 Bd4 19.Kf2 Bxe3+ 20.Kxe3 Kf8 
21.Rc7 Re7 22.Rfc1 Bd5 23.b3 h5 24.f5 gxf5 25.Bxh5 Rd6 26.Rxe7 Kxe7 27.
Rc7+ Kf6 28.Rxa7 Kg5 29.Bxf7 f4+ 30.Ke2 Bxf7 31.Rxf7 Ra6 32.a4 Rb6 33.g3 
fxg3 34.Rg7+ Kf4 35.hxg3+ Kf5 36.a5 Rxb3 37.a6 Ra3 38.a7 Kf6 39.Rb7 Kf5 
40.Kf2 Ra2+ 41.Ke3 Ra3+ 42.Kd2 Ra2+ 43.Kc3 e3 44.Re7 e2 45.Rxe2 Rxa7 46.
g4+ Kxg4 47.Rc2 1/2-1/2

[Event "12th EUR-ch"]
[Site "Aix-les-Bains FRA"]
[Date "2011.03.26"]
[Round "5.31"]
[White "Zherebukh, Yaroslav"]
[Black "Andriasian, Zaven"]
[Result "1-0"]
[WhiteElo "2560"]
[BlackElo "2645"]
[EventDate "2011.03.22"]
[PlyCount "111"]

1.e4 c5 2.Nf3 d6 3.d4 cxd4 4.Nxd4 Nf6 5.Nc3 a6 6.Be3 e5 7.Nb3 Be7 8.f3 Be6
9.Qd2 O-O 10.O-O-O a5 11.Qe1 Qc8 12.a3 a4 13.Nd2 d5 14.exd5 Nxd5 15.Nxd5 
Bxd5 16.Ne4 Bxe4 17.fxe4 Nd7 18.Kb1 Nf6 19.Bg5 Qc6 20.Bd3 Rfd8 21.Qe2 Qb6 
22.Bxf6 Bxf6 23.Bc4 Rd4 24.c3 Rdd8 25.Ka2 Qc5 26.Bd5 Rab8 27.h4 Qe7 28.g4 
Bxh4 29.Qh2 g5 30.Rdf1 Rxd5 31.exd5 Rd8 32.Qd2 Qc5 33.Rd1 Qc4+ 34.Ka1 Qxg4
35.Rdg1 Qh5 36.c4 h6 37.Qh2 Qg6 38.Qxe5 Bf2 39.Rf1 Qb6 40.Qf5 Bd4 41.Qxf7+
Kh8 42.Rh2 Qd6 43.Rd2 Qxa3+ 44.Kb1 Qe3 45.Qe6 g4 46.Rxd4 Qxe6 47.dxe6 Rxd4
48.e7 Re4 49.Rf8+ Kg7 50.e8=Q Rxe8 51.Rxe8 h5 52.Kc2 g3 53.Kd2 g2 54.Re1 
h4 55.Ke2 h3 56.Kf2 1-0

[Event "12th EUR-ch"]
[Site "Aix-les-Bains FRA"]
[Date "2011.03.26"]
[Round "5.32"]
[White "Bartel, Mateusz"]
[Black "Rogozenco, Dorian"]
[Result "1/2-1/2"]
[WhiteElo "2638"]
[BlackElo "2553"]
[EventDate "2011.03.22"]
[PlyCount "153"]

1.d4 d5 2.c4 c6 3.Nf3 Nf6 4.Nbd2 Bf5 5.Nh4 Bg6 6.Qb3 Qc7 7.Nxg6 hxg6 8.g3 
e6 9.Bg2 Be7 10.O-O O-O 11.Qc2 Rd8 12.cxd5 exd5 13.Nb3 Nbd7 14.f3 Nf8 15.
Be3 Re8 16.Kh1 Bd6 17.Bf2 Qe7 18.Rae1 Bb4 19.Nd2 Rad8 20.a3 Ba5 21.b4 Bb6 
22.Nb3 Ne6 23.Qc3 Bc7 24.e4 dxe4 25.fxe4 Ng5 26.Nd2 Bb6 27.e5 Nd5 28.Qb2 
Qd7 29.Nc4 Bc7 30.Bg1 a6 31.a4 Ne6 32.Rd1 Re7 33.Qb3 Qe8 34.Na3 Red7 35.b5
axb5 36.axb5 Ne7 37.b6 Bb8 38.Nc4 Nf5 39.d5 cxd5 40.Na5 Ne7 41.Rfe1 Nc6 
42.Nxc6 bxc6 43.Rc1 Rb7 44.Qa4 Rc8 45.Rc2 Qd7 46.Rd1 Bxe5 47.Bxd5 Nd8 48.
Bf3 Qe7 49.Qa6 Rcb8 50.Kg2 Kh7 51.Re2 f6 52.Rd4 Qf7 53.Rh4+ Kg8 54.Qd3 Ne6
55.Qa6 c5 56.Bxb7 Qxb7+ 57.Qxb7 Rxb7 58.Rc4 Rxb6 59.Bxc5 Rc6 60.Rec2 Rxc5 
61.Rxc5 Nxc5 62.Rxc5 Kh7 63.Kf3 Bb2 64.Rb5 Bc3 65.Ke4 Ba1 66.g4 Bc3 67.Kd5
Ba1 68.Ke6 Bc3 69.Kf7 Kh6 70.g5+ fxg5 71.Rb3 Be1 72.Rb6 Bc3 73.Rxg6+ Kh5 
74.Rc6 Be5 75.Rc2 Kg4 76.Rg2+ Kh3 77.Rxg5 1/2-1/2

[Event "12th EUR-ch"]
[Site "Aix-les-Bains FRA"]
[Date "2011.03.26"]
[Round "5.33"]
[White "Khairullin, Ildar"]
[Black "Gallagher, Joseph"]
[Result "1-0"]
[WhiteElo "2634"]
[BlackElo "2500"]
[EventDate "2011.03.22"]
[PlyCount "81"]

1.d4 Nf6 2.c4 g6 3.Nc3 Bg7 4.e4 d6 5.f3 O-O 6.Be3 c5 7.dxc5 dxc5 8.Qxd8 
Rxd8 9.Bxc5 Nc6 10.Nge2 Nd7 11.Be3 Nde5 12.Nf4 Nb4 13.Rc1 Be6 14.b3 g5 15.
Nxe6 fxe6 16.Bxg5 Ned3+ 17.Bxd3 Nxd3+ 18.Ke2 Nxc1+ 19.Rxc1 Kf7 20.Be3 Bd4 
21.Nd1 Rac8 22.Nf2 e5 23.Nd3 Bxe3 24.Kxe3 Kf6 25.Rf1 Rc6 26.f4 exf4+ 27.
Nxf4 Kg7 28.e5 Ra6 29.Ke4 Rd2 30.a4 Rb6 31.Rf3 Rb2 32.Rg3+ Kf7 33.e6+ Kf8 
34.Rd3 R6xb3 35.Rd8+ Kg7 36.Re8 Kf6 37.Rf8+ Kg5 38.Rg8+ Kf6 39.g4 Rg2 40.
Nxg2 Kxe6 41.Rg7 1-0